00810cam a22002534a 45000010008000000030004000080050017000120080041000290200022000700350023000920400020001150410013001350500027001480820014001751000022001892400027002112450115002382600043003533000037003965000063004336550020004967000021005167000019005373853745csc20200421093819.0050217s2005 gw a 000 1 eng d a1591829488 (pbk.) a(OCoLC)ocm57680866 aJRScJRSdBAKER1 aenghjpn14aPN6790.J34bS5413 200504a741.52221 aShiozaki, Yūji.10aIkki tōsen.lEnglish10aBattle vixens.nVol. 6 /cby Yuji Shiozaki ; [translation, Louie Kawamoto ; English adaptation, Keith Giffen]. aHamburg ;aLondon :bTokyopop,cc2005. a157 p. :bchiefly ill. ;c19 cm. aOriginally published as Ikki Tousen in 2003 by Wani Books. 0aGraphic novels.1 aKawamoto, Louie.1 aGiffen, Keith.